ARRUPE JESUIT UNIVERSITY

CORONAVIRUS -STOP THE SPREAD - CLEAN,DISINFECT,COVER
Normal view MARC view

Entry Topical Term

Number of records used in: 3

001 - CONTROL NUMBER

  • control field: 50169

003 - CONTROL NUMBER IDENTIFIER

  • control field: ARRUPE

005 - DATE AND TIME OF LATEST TRANSACTION

  • control field: 20210702112521.0

008 - FIXED-LENGTH DATA ELEMENTS

  • fixed length control field: 210702|| aca||aabn | a|a d

040 ## - CATALOGING SOURCE

  • Original cataloging agency: ARRUPE
  • Transcribing agency: ARRUPE

150 ## - HEADING--TOPICAL TERM

  • General subdivision: Examinations
  • General subdivision: Study guides

670 ## - SOURCE DATA FOUND

  • Source citation: Work cat.: (ARRUPE)0: ACCA. Paper F4 Corporate and business law (England) Study system for examinations to ....

 

Arrupe Library. PO Box MP320 Mt Pleasant, Harare, Zimbabwe
263 242 745411|librarian@aju.ac.zw